000 00466nam a2200181Ia 4500
005 20250603144834.0
008 250603s9999 xx 000 0 und d
020 _a9789789048465
050 _aPE 1479.B87 .A34/
100 _aAdedun, Emmanuel A.
245 0 _aEffective english for business and professional communication
260 _aLagos
260 _bConcept Publications Limited
260 _c2012
300 _a464 p
650 _aLagos
942 _cBK
999 _c40102
_d40102